|
|
|
|
| LEADER |
00697nam a22001932a 4500 |
| 001 |
000352415 |
| 003 |
CZ BrMZK |
| 005 |
20250512140618.0 |
| 007 |
ta |
| 008 |
980107s1973 xr f 000 0 cze d |
| 040 |
|
|
|a BOA001
|b cze
|
| 245 |
0 |
0 |
|a O Otesánkovi :
|b pohádka Štěpánky a čertíka Bertíka /
|c autor kreseb O. Blecha ; úprava textu Štěpánka Haničincová
|
| 260 |
|
|
|a Praha :
|b Pressfoto,
|c [ca 1973]
|
| 300 |
|
|
|a 1 nestránkovaný sv.
|
| 700 |
1 |
|
|a Blecha, O.
|4 ill
|
| 700 |
1 |
|
|a Haničincová, Štěpánka,
|d 1931-1999
|7 jn19981001402
|4 adp
|
| 910 |
|
|
|a BOA001
|b PK-A-0014.131
|
| 990 |
|
|
|a BK
|
| 996 |
7 |
|
|b 3119807633
|c PK-A-0014.131
|l MZK
|r Sklad / do 1 hodiny
|n 3
|w 000352415
|u 000010
|a 1
|e BOA001
|j MZK50
|s A
|